Elements of the theory of elliptic and associated functions with applications /

Guardado en:
Autor Principal: Dutta, Mahadev.
Otros Autores: Debnath, Lokenath.
Formato: Libro
Idioma:English
Publicado: Calcutta : World Press, 1965.
Etiquetas: Agregar Etiqueta
Sin Etiquetas, Sea el primero en etiquetar este registro!
LEADER 01403nam a22001815a 4500
001 MAT.inmabb007108
008 180307s1965####ii#######b####001#0#eng#d
005 20180307163320.0
245 1 0 |a Elements of the theory of elliptic and associated functions with applications /  |c by Mahadev Dutta and Lokenath Debnath. 
260 |a Calcutta :  |b World Press,  |c 1965. 
300 |a xii, 290 p. ;  |c 23 cm. 
504 |a Incluye referencias bibliográficas (p. 281-283) e índice. 
505 0 |a 0. Historical introduction -- 1. Preliminary concepts and general discussion of periodic functions -- 2. The general theory of elliptic functions -- 3. Weierstrass's elliptic functions -- 4. Weierstrass's associated functions -- 5. Application of the Weierstrassian functions to the problems of geometry and mechanics -- 6. The theta functions -- 7. The Jacobi's elliptic functions -- 8. Applications of the Jacobi's elliptic functions -- 9. The theory of elliptic integrals -- 10. Applications of the elliptic integrals -- 11. The hyperelliptic and Abelian integrals -- 12. The automorphic and elliptic modular functions -- Appendix 1. Unicursal and bicursal curves. Concept of uniformisation -- Appendix 2. Cubic and quintic transformations. Solution of quintic equation. 
510 4 |a MR,  |c 32 #1380 
100 1 |a Dutta, Mahadev. 
700 1 |a Debnath, Lokenath. 
084 |a 33Exx  |2 msc2000 
859 |h 33  |i D979  |p A-2906  |b BIB. MATEMATICA